The due process of law

Saved in:
Bibliographic Details
Main Author: Denning, Lord
Format: Book
Published: London : Butterworths, 1980.
Subjects:
Tags: Add Tag
No Tags, Be the first to tag this record!

MARC

LEADER 00000nam a2200000 4500
005 20251002074128.0
020 |a 0195674235  |c TZS 7,423/= 
040 |a MCCL  |b eng.  |e AACR 2nd rev. ed. 
082 |a 340 DEN 
100 |a Denning, Lord 
245 |a The due process of law  |c / Lord Denning  
260 |a London :  |b Butterworths,  |c 1980. 
300 |a  xviii, 263 p. :   |c 22 cm. 
504 |a Includes index 
546 |a eng. 
650 |a Law philosophy 
650 |a seven Conflicts in the courts 
650 |a Law 
650 |a Law  
942 |c BK 
999 |c 11558  |d 11558